| 000 | 00910nam a2200241 a 4500 | ||
|---|---|---|---|
| 001 | 74377 | ||
| 003 | BD-RjUL | ||
| 005 | 20211209082538.0 | ||
| 008 | 180807s1991 bg af||| |||| 00| 0 ben d | ||
| 035 | _a(BD-RjUL)74595 | ||
| 040 |
_aBD-RjUL _beng _cBD-RjUL |
||
| 041 | _aben | ||
| 082 |
_223 _aB 324.2092 _bAKK 1991 |
||
| 245 |
_aএ কে খান স্বারক গ্রন্থ = A.K. Khan in Memoriam / _cসম্পাদক ; হেলাল হুমায়ুন |
||
| 260 |
_aচট্টগ্রাম ঃ _bএকে খান , _c১৯৯১ |
||
| 300 |
_a২৬৮+৪৬ পৃ. : _bচিত্র ; _c২৪ সেমি |
||
| 600 |
_aখান, আবুল কাসেম _9222424 |
||
| 600 |
_aKhan, Abul Kasem. _9222425 |
||
| 650 |
_aজীবনী _9222183 |
||
| 650 |
_aBiography _9222184 |
||
| 700 |
_aহুমায়ুন, হেলাল _9222185 |
||
| 942 |
_2ddc _cBK |
||
| 999 |
_c74377 _d74377 |
||